000 00518nam a22001577a 4500
999 _c16309
_d16309
008 170217b xxu||||| |||| 00| 0 eng d
020 _a1848717008
040 _aKABU
_cKABU
050 _aBS1235.2
_b.H45 1986 C.1
100 _aHelm, Paul
245 _aThe beginnings
_bword and spirit in conversion
_cby Paul Helm
260 _aUSA
_bVersa press
_c1986
300 _axxi, 131 p.
650 _aBible Genesis, iv, 1-xi,26
_vCriticism, interpretation
942 _2lcc
_cBK
_hBS1235.2 .H45 1986 C.1